Least Viewed Countries on Wikipedia - Statistics

General Stats
  • This quiz has been taken 870 times
  • The average score is 2 of 5
Answer Stats
Views Country % Correct
4.9 m Sao Tome and Principe
66%
5.1 m Saint Vincent and the Grenadines
60%
5.5 m Federated States of Micronesia
58%
3.6 m Republic of the Congo
11%
4.3 m North Macedonia
7%
No matching quizzes found
Score Distribution
Percent of People with Each Score
Percentile by Number Answered
Your Score History
You have not taken this quiz